ბათუმის შოთა რუსთაველის სახელმწიფო უნივერსიტეტის ბიბლიოთეკა

ქართული ენის ისტორია (ბიბ.ჩანაწერი № 53415)

000 -LEADER
fixed length control field 01384nam a2200265Ia 4500
001 - CONTROL NUMBER
control field 20458
003 - CONTROL NUMBER IDENTIFIER
control field GE_BSU
008 - FIXED-LENGTH DATA ELEMENTS--GENERAL INFORMATION
fixed length control field 181216s||||||||xx |||||||||||||| ||und||
020 ## - INTERNATIONAL STANDARD BOOK NUMBER
International Standard Book Number 99928-79-69-4
040 ## - CATALOGING SOURCE
Transcribing agency GE_BSU
080 ## - UNIVERSAL DECIMAL CLASSIFICATION NUMBER
Universal Decimal Classification number 811.353.1(09)
245 ## - TITLE STATEMENT
Title ქართული ენის ისტორია
245 ## - TITLE STATEMENT
Remainder of title სახელმძღვ. უნ-ტის ბაკალავრიატის სტუდ.
260 ## - PUBLICATION, DISTRIBUTION, ETC.
Place of publication, distribution, etc. ქუთაისი
260 ## - PUBLICATION, DISTRIBUTION, ETC.
Name of publisher, distributor, etc. ქუთაისის სახ. უნ-ტი
260 ## - PUBLICATION, DISTRIBUTION, ETC.
Date of publication, distribution, etc. 2006
300 ## - PHYSICAL DESCRIPTION
Extent 336გვ. : ილ. ; 20სმ.
300 ## - PHYSICAL DESCRIPTION
Dimensions პირთა საძიებელი: გვ. 279-289.
300 ## - PHYSICAL DESCRIPTION
Accompanying material დანართი: ფოტოპირები გადმობეჭდილია ი. აბულაძის "ქართული წერის ნიმუშებიდან".
653 ## - INDEX TERM--UNCONTROLLED
Uncontrolled term ქართული ენა
653 ## - INDEX TERM--UNCONTROLLED
Uncontrolled term ქართული ენის ისტორია
653 ## - INDEX TERM--UNCONTROLLED
Uncontrolled term ქართული ენის ისტორია; ქართული ენის ლექსიკა; ქართული დიალექტები; ქართული დამწერლობა; ქართული კულტურის კერები უცხოეთში
942 ## - ADDED ENTRY ELEMENTS (KOHA)
Koha item type წიგნი
ეგზემპლარები
Withdrawn status Lost status Damaged status Not for loan Date acquired Barcode Date last seen Price effective from Koha item type Public note
        2018-12-17 00462 ქსერ 2018-12-17 2018-12-17 წიგნი ქსეროქსი